Face Detection and Classification (Record no. 566340)

000 -LEADER
fixed length control field 00568nam a22001697a 4500
020 ## - INTERNATIONAL STANDARD BOOK NUMBER
Qualifying information Hard Cover.
082 ## - DEWEY DECIMAL CLASSIFICATION NUMBER
Classification number BICSE-6 ANU
100 ## - MAIN ENTRY--PERSONAL NAME
Personal name Anum Haroon.
245 ## - TITLE STATEMENT
Title Face Detection and Classification
Statement of responsibility, etc. Haroon, Anum
260 ## - PUBLICATION, DISTRIBUTION, ETC.
Place of publication, distribution, etc. Islamabad:
Name of publisher, distributor, etc. SEECS-NUST,
Date of publication, distribution, etc. 2012.
300 ## - PHYSICAL DESCRIPTION
Extent 66 p. :
Other physical details ill. ;
Dimensions 30cm.
650 ## - SUBJECT ADDED ENTRY--TOPICAL TERM
Topical term or geographic name entry element Bachelor of Information Science and Computer Science.
700 ## - ADDED ENTRY--PERSONAL NAME
Personal name Muhammad Aamir Jelani.
856 ## - Uniform Resource Identifier
Uniform Resource Identifier <a href="http://10.250.8.41:8080/xmlui/handle/123456789/10299">http://10.250.8.41:8080/xmlui/handle/123456789/10299</a>
942 ## - ADDED ENTRY ELEMENTS (KOHA)
Source of classification or shelving scheme
Koha item type Project Report
650 ## - SUBJECT ADDED ENTRY--TOPICAL TERM
-- 55495
700 ## - ADDED ENTRY--PERSONAL NAME
-- 55496
Holdings
Withdrawn status Lost status Source of classification or shelving scheme Damaged status Not for loan Permanent Location Current Location Shelving location Date acquired Total Checkouts Full call number Barcode Date last seen Price effective from Koha item type
          Central Library (CL) Central Library (CL) Thesis 06/25/2021   BICSE-6 ANU SEECSP01149 06/25/2021 06/25/2021 Project Report
© 2023 Central Library, National University of Sciences and Technology. All Rights Reserved.